Tìm hiểu tập quán cưới xin của người Gia Rai ở làng Ó, xã Ia Đrăng, huyện Chư Prông, tỉnh Gia Lai
Khái quát về tộc người Gia Rai. Tập quán cưới xin truyền thồng của người Gia Rai ở làng Ó, xã Ia Đrăng, huyện Chư Prông, tỉnh Gia Lai. Đặc trưng văn hóa trong tập quán cưới xin của người Gia Rai và những biến đổi hiện nay
Sparad:
| Huvudupphovsman: | |
|---|---|
| Övriga upphovsmän: | |
| Materialtyp: | Bok |
| Språk: | Vietnamese |
| Publicerad: |
Đà Nẵng
Đại học Sư phạm, Đại học Đà Nẵng
2013
|
| Ämnen: | |
| Taggar: |
Lägg till en tagg
Inga taggar, Lägg till första taggen!
|
| Thư viện lưu trữ: | Mạng thư viện Đại học Đà Nẵng |
|---|
| LEADER | 01814nam a2200373 4500 | ||
|---|---|---|---|
| 001 | 000018906 | ||
| 003 | 15341 | ||
| 005 | 20140311080322.0 | ||
| 008 | 140218s2013 viesd | ||
| 041 | |a vie | ||
| 072 | |a VHH | ||
| 082 | 1 | 4 | |a 392.5 |b TH-H |
| 100 | 1 | |a Thân Thị Hậu | |
| 245 | 1 | 0 | |a Tìm hiểu tập quán cưới xin của người Gia Rai ở làng Ó, xã Ia Đrăng, huyện Chư Prông, tỉnh Gia Lai |c Thân Thị Hậu ; Hoàng Thị Mai Sa hướng dẫn |k Khóa luận tốt nghiệp |
| 260 | |a Đà Nẵng |b Đại học Sư phạm, Đại học Đà Nẵng |c 2013 | ||
| 300 | |a 70 tr., phụ lục 7 tr. |b Hình mh. |c 29 cm. | ||
| 500 | |a Khóa luận tốt nghiệp đại học. Chuyên ngành: Cử nhân Văn hóa học | ||
| 520 | |a Khái quát về tộc người Gia Rai. Tập quán cưới xin truyền thồng của người Gia Rai ở làng Ó, xã Ia Đrăng, huyện Chư Prông, tỉnh Gia Lai. Đặc trưng văn hóa trong tập quán cưới xin của người Gia Rai và những biến đổi hiện nay | ||
| 650 | 0 | 4 | |a Phong tục cưới xin |v Khóa luận tốt nghiệp |x Người Gia Rai |z Gia Lai |
| 653 | |a Phong tục tập quán | ||
| 653 | |a Người Gia Rai | ||
| 653 | |a Khoa Ngữ văn | ||
| 653 | |a Phong tục cưới xin | ||
| 700 | 1 | |a Hoàng Thị Mai Sa |e Hướng dẫn | |
| OWN | |a LSP | ||
| AVA | |a UDN50 |b LSP |d 392.5 TH-H |e available |t Error 5001 Not defined in file expand_doc_bib_avail. |f 1 |g 0 |h N |i 0 |k 1 | ||
| 999 | |a From the UDN01 | ||
| AVA | |a UDN50 |b LSP |d 392.5 TH-H |e available |t Error 5001 Not defined in file expand_doc_bib_avail. |f 1 |g 0 |h N |i 0 |k 1 | ||
| TYP | |a Monograph | ||
| TYP | |a Printed language | ||
| 980 | |a Mạng thư viện Đại học Đà Nẵng | ||